<?xml version="1.0" encoding="UTF-8"?>
<record
    xmlns:xsi="http://www.w3.org/2001/XMLSchema-instance"
    xsi:schemaLocation="http://www.loc.gov/MARC21/slim http://www.loc.gov/standards/marcxml/schema/MARC21slim.xsd"
    xmlns="http://www.loc.gov/MARC21/slim">

  <leader>01076nam1a2200289 i 4500</leader>
  <controlfield tag="001">RU\NLR\bibl\400677</controlfield>
  <controlfield tag="005">20241105191719.0</controlfield>
  <datafield tag="035" ind1=" " ind2=" ">
    <subfield code="a">(NLR Aleph) 000394851</subfield>
  </datafield>
  <datafield tag="090" ind1=" " ind2=" ">
    <subfield code="a">538510</subfield>
    <subfield code="c">538510</subfield>
  </datafield>
  <datafield tag="100" ind1=" " ind2=" ">
    <subfield code="a">20030520g20029999u  y0rusy50      ca</subfield>
  </datafield>
  <datafield tag="101" ind1="0" ind2=" ">
    <subfield code="a">rus</subfield>
  </datafield>
  <datafield tag="102" ind1=" " ind2=" ">
    <subfield code="a">RU</subfield>
  </datafield>
  <datafield tag="105" ind1=" " ind2=" ">
    <subfield code="a">a   |||||||||</subfield>
  </datafield>
  <datafield tag="200" ind1="1" ind2=" ">
    <subfield code="a">"&#x41A;&#x440;&#x44B;&#x43B;&#x430;&#x442;&#x430;&#x44F;" &#x447;&#x430;&#x441;&#x442;&#x438;&#x446;&#x430; &#x442;&#x430;&#x434;&#x436;&#x438;&#x43A;&#x441;&#x43A;&#x43E;&#x439; &#x438;&#x441;&#x442;&#x43E;&#x440;&#x438;&#x438;</subfield>
    <subfield code="e">&#x412; 2 &#x442;.</subfield>
    <subfield code="f">&#x420;&#x430;&#x443;&#x444;&#x434;&#x436;&#x43E;&#x43D; &#x414;&#x43E;&#x43C;&#x43B;&#x430;&#x434;&#x436;&#x430;&#x43D;&#x43E;&#x432;</subfield>
  </datafield>
  <datafield tag="210" ind1=" " ind2=" ">
    <subfield code="a">&#x422;&#x443;&#x440;&#x441;&#x443;&#x43D;&#x437;&#x430;&#x434;&#x435;</subfield>
    <subfield code="a">&#x421;&#x41F;&#x431;.</subfield>
    <subfield code="c">&#x411;.&#x438;.</subfield>
    <subfield code="d">2002</subfield>
  </datafield>
  <datafield tag="215" ind1=" " ind2=" ">
    <subfield code="d">28</subfield>
  </datafield>
  <datafield tag="463" ind1=" " ind2="0">
    <subfield code="1">001399921</subfield>
  </datafield>
  <datafield tag="601" ind1="0" ind2="2">
    <subfield code="a">&#x422;&#x430;&#x434;&#x436;&#x438;&#x43A;&#x441;&#x43A;&#x438;&#x439; &#x430;&#x43B;&#x44E;&#x43C;&#x438;&#x43D;&#x438;&#x435;&#x432;&#x44B;&#x439; &#x437;&#x430;&#x432;&#x43E;&#x434;</subfield>
    <subfield code="c">&#x422;&#x443;&#x440;&#x441;&#x443;&#x43D;&#x437;&#x430;&#x434;&#x435;</subfield>
    <subfield code="9">2183237</subfield>
    <subfield code="3">RU\NLR\auth\661312767</subfield>
  </datafield>
  <datafield tag="607" ind1=" " ind2=" ">
    <subfield code="a">&#x420;&#x435;&#x433;&#x430;&#x440;&#x441;&#x43A;&#x438;&#x439; &#x440;&#x430;&#x439;&#x43E;&#x43D; (&#x422;&#x430;&#x434;&#x436;&#x438;&#x43A;&#x438;&#x441;&#x442;&#x430;&#x43D;)</subfield>
    <subfield code="x">&#x418;&#x441;&#x442;&#x43E;&#x440;&#x438;&#x44F;</subfield>
    <subfield code="9">2291650</subfield>
    <subfield code="3">RU\NLR\auth\661372437</subfield>
  </datafield>
  <datafield tag="686" ind1=" " ind2=" ">
    <subfield code="a">&#x423;30(2&#x422;)555.257.109.2</subfield>
  </datafield>
  <datafield tag="686" ind1=" " ind2=" ">
    <subfield code="a">&#x422;3(5&#x422;&#x430;&#x434;-4&#x420;)</subfield>
  </datafield>
  <datafield tag="700" ind1=" " ind2="1">
    <subfield code="a">&#x414;&#x43E;&#x43C;&#x43B;&#x430;&#x434;&#x436;&#x430;&#x43D;&#x43E;&#x432;</subfield>
    <subfield code="b">&#x420;.</subfield>
    <subfield code="g">&#x420;&#x430;&#x443;&#x444;&#x434;&#x436;&#x43E;&#x43D;</subfield>
    <subfield code="4">070</subfield>
  </datafield>
  <datafield tag="801" ind1=" " ind2="0">
    <subfield code="a">RU</subfield>
    <subfield code="b">NLR</subfield>
    <subfield code="c">20030520</subfield>
    <subfield code="g">PSBO</subfield>
  </datafield>
  <datafield tag="801" ind1=" " ind2="1">
    <subfield code="a">RU</subfield>
    <subfield code="b">NLR</subfield>
    <subfield code="c">20030520</subfield>
  </datafield>
  <datafield tag="852" ind1=" " ind2=" ">
    <subfield code="a">NLR</subfield>
    <subfield code="j">2003-8/1493</subfield>
  </datafield>
  <datafield tag="942" ind1=" " ind2=" ">
    <subfield code="c">BOOK</subfield>
  </datafield>
</record>
